IBM SPSS Statistics 26 Step by Step <A> Simple Guide and Reference
Gespeichert in:
| 1. Verfasser: | |
|---|---|
| Weitere Verfasser: | |
| Format: | Buch |
| Sprache: | Englisch |
| Veröffentlicht: |
New York
Routledge/Taylor & Francis Group
2020
|
| Ausgabe: | 16th Edition |
| Schlagworte: | |
| Tags: |
Keine Tags, Fügen Sie das erste Tag hinzu!
|
MARC
| LEADER | 00000nam a2200000 4500 | ||
|---|---|---|---|
| 001 | 0277240 | ||
| 005 | 20240221120037.6 | ||
| 020 | |a 978-0-367-17435-4 | ||
| 020 | |a 978-1-138-49107-6 | ||
| 020 | |a 978-1-138-49104-5 | ||
| 020 | |a 978-1-351-03390-9 | ||
| 041 | 0 | |a eng | |
| 044 | |a US | ||
| 245 | 1 | 0 | |a IBM SPSS Statistics 26 Step by Step |b <A> Simple Guide and Reference |c Darren George and Paul Mallery |
| 250 | |a 16th Edition | ||
| 264 | 1 | |a New York |b Routledge/Taylor & Francis Group |c 2020 | |
| 300 | |a 386 s. | ||
| 610 | 2 | 0 | |a programy počítačové |
| 610 | 2 | 0 | |a softvér |
| 610 | 2 | 0 | |a štatistika |
| 610 | 2 | 0 | |a analýza dát |
| 100 | 1 | |a George, Darren | |
| 700 | 1 | |a Mallery, Paul | |